|
|
|
|
| LEADER |
00000nam a2200000 a 4500 |
| 001 |
vtls001401916 |
| 003 |
SK-MaSNL |
| 005 |
20260301201948.0 |
| 008 |
240318sm y0 xx 0 und |
| 035 |
|
|
|a SNK000356436
|
| 040 |
|
|
|a SNK
|b slo
|c SNK
|e AACR2
|
| 100 |
1 |
|
|a Blandin, Yannick
|4 aut
|9 583299
|
| 245 |
1 |
0 |
|a Spôsob výroby vlákien zo skla alebo iných termoplastických meteriálov a zariadenie na vykonávanie tohto spôsobu. C 03B 37/04
|
| 260 |
|
|
|a Bratislava
|b Úrad priemyselného vlastníctva SR
|c 2000
|
| 300 |
|
|
|a 10 s.
|
| 999 |
|
|
|c 896992
|d 898922
|
| 952 |
|
|
|a SNK
|b SNK
|y PREZ
|7 0
|p 17A0260636
|o snkSK 280750
|i snkPS 977/2000
|0 0
|1 0
|4 0
|d 2000-12-04
|l 0
|r 2005-01-02 00:00:00
|w 2026-02-24
|